Το δίκαιο της ιδιωτικής ασφαλίσεως : όπως διαμορφώνεται από τη νομολογία

Αποθηκεύτηκε σε:
Λεπτομέρειες βιβλιογραφικής εγγραφής
Κύριος συγγραφέας: Καλαντζής, Αλέξανδρος Κ.
Μορφή: Βιβλίο
Γλώσσα:Greek
Δημοσίευση: Αθήνα : Νομική Βιβλιοθήκη, 1988
Θέματα:
Ετικέτες: Προσθήκη ετικέτας
Δεν υπάρχουν, Καταχωρήστε ετικέτα πρώτοι!

MARC

LEADER 00000nam a2200000 i 4500
001 1/19437
008 010427s1988 gre d
035 |l 10066854 
040 |a GR-MY-UA  |b gre  |e aacr 
041 0 |a gre 
082 0 |a 346.086 
100 1 |a Καλαντζής, Αλέξανδρος Κ. 
245 1 3 |a Το δίκαιο της ιδιωτικής ασφαλίσεως :  |b όπως διαμορφώνεται από τη νομολογία /  |c Αλέξανδρος Κ. Καλαντζής 
260 |a Αθήνα :   |b Νομική Βιβλιοθήκη,   |c 1988 
300 |a 168 σ. 
504 |a Περιλαμβάνει ευρετήριο και βιβλιογραφία 
650 0 0 |a Insurance law. 
852 |a INST  |b CHIOS  |e 20010427  |h 346.086 ΚΑΛ  |p 005200021176  |q 005200021176  |t BK  |y 0 
901 |a BIBL2-2001-1 
909 |a Χ  |b 029912 
922 |a 2ΕΛΗ  |b 199310  |c ΝΙΣΥΡΑΙΟΣ 
970 |a ΣΑΛΑΜΟΥΡΑ  |b ΜΑΡΙΑ  |z 2001/04/27